[Event "SVK-ch Seniors-B"]
[Site "Tatranske Matliare"]
[Date "2011.05.??"]
[Round "4"]
[White "Popelka, Josef"]
[Black "Jerman, Richard"]
[Result "1/2-1/2"]
[WhiteElo "2080"]
[BlackElo "2100"]
[PlyCount "21"]
[EventDate "2011.05.27"]
[EventType "swiss"]
[EventRounds "9"]
[EventCountry "SVK"]
[SourceTitle "EXT 2023"]
[Source "ChessBase"]
[SourceDate "2022.10.05"]
[SourceVersion "1"]
[SourceVersionDate "2022.10.05"]
[SourceQuality "1"]

1. d4 Nf6 2. e3 d5 3. Bd3 Bg4 4. f3 Bh5 5. Ne2 Bg6 6. Nf4 Bxd3 7. Nxd3 Nbd7 8. Nd2 e6 9. 0-0 c5 10. f4 g6 11. Qf3 1/2-1/2

[Event "SVK-ch Seniors-B"]
[Site "Tatranske Matliare"]
[Date "2011.05.??"]
[Round "5"]
[White "Szocs, Ladislav"]
[Black "Popelka, Josef"]
[Result "1/2-1/2"]
[WhiteElo "1952"]
[BlackElo "2080"]
[PlyCount "43"]
[EventDate "2011.05.27"]
[EventType "swiss"]
[EventRounds "9"]
[EventCountry "SVK"]
[SourceTitle "EXT 2023"]
[Source "ChessBase"]
[SourceDate "2022.10.05"]
[SourceVersion "1"]
[SourceVersionDate "2022.10.05"]
[SourceQuality "1"]

1. e4 c5 2. d4 cxd4 3. c3 g6 4. Nf3 Bg7 5. Bc4 e6 6. 0-0 Ne7 7. Qe2 Nbc6 8. Rd1 0-0 9. Bg5 h6 10. Bf4 d5 11. exd5 Nxd5 12. Be5 Nxe5 13. Nxe5 Qc7 14. cxd4 Bxe5 15. dxe5 b6 16. Bxd5 exd5 17. Rxd5 Bb7 18. Rd6 Qc1+ 19. Rd1 Qc6 20. f3 Rfe8 21. Nc3 Qc5+ 22. Qf2 1/2-1/2

[Event "SVK-ch Seniors op"]
[Site "Tatranske Matliare"]
[Date "2007.06.13"]
[Round "6"]
[White "Ruckschloss, Karol"]
[Black "Popelka, Josef"]
[Result "1/2-1/2"]
[WhiteElo "2281"]
[BlackElo "2066"]
[PlyCount "28"]
[EventDate "2007.06.10"]
[EventType "swiss"]
[EventRounds "9"]
[EventCountry "SVK"]
[SourceTitle "EXT 2008"]
[Source "ChessBase"]
[SourceDate "2007.11.25"]
[SourceVersion "1"]
[SourceVersionDate "2007.11.25"]
[SourceQuality "1"]

1. c4 c5 2. Nc3 g6 3. g3 Bg7 4. Bg2 Nc6 5. e3 e5 6. Nge2 Nge7 7. d4 exd4 8. exd4 Nxd4 9. Nxd4 cxd4 10. Nb5 d5 11. Bf4 0-0 12. Nc7 g5 13. Nxa8 gxf4 14. cxd5 Nxd5 1/2-1/2

[Event "SVK-ch Seniors op"]
[Site "Tatranske Matliare"]
[Date "2007.06.12"]
[Round "4"]
[White "Svonavec, Stefan"]
[Black "Popelka, Josef"]
[Result "1-0"]
[WhiteElo "2110"]
[BlackElo "2066"]
[PlyCount "87"]
[EventDate "2007.06.10"]
[EventType "swiss"]
[EventRounds "9"]
[EventCountry "SVK"]
[SourceTitle "EXT 2008"]
[Source "ChessBase"]
[SourceDate "2007.11.25"]
[SourceVersion "1"]
[SourceVersionDate "2007.11.25"]
[SourceQuality "1"]

1. d4 g6 2. Nf3 Bg7 3. e4 c5 4. c3 d5 5. dxc5 dxe4 6. Qxd8+ Kxd8 7. Ng5 Nh6 8. Nxe4 Bf5 9. Ng3 Nd7 10. Bxh6 Bxh6 11. Nxf5 gxf5 12. b4 a5 13. a3 Rg8 14. g3 Ne5 15. f4 Nd7 16. Bg2 Kc7 17. Rf1 Bg7 18. Ra2 Rgd8 19. Ke2 Bf6 20. Rd2 Nf8 21. Rfd1 Rxd2+ 22. Rxd2 Ne6 23. Bd5 Rd8 24. Bxe6 Rxd2+ 25. Kxd2 fxe6 26. b5 e5 27. fxe5 Bxe5 28. a4 f4 29. g4 f3 30. Ke3 Bxh2 31. Kf2 Kd7 32. Nd2 Be5 33. Ne4 Ke6 34. c4 h6 35. Kxf3 Bh2 36. Nd2 Be5 37. Nb3 Bc3 38. Ke4 Be1 39. Nd4+ Kf6 40. c6 bxc6 41. Nxc6 Ke6 42. c5 Bf2 43. Nd4+ Kd7 44. c6+ 1-0